Báo Đà Nẵng với công tác tuyên truyền phát triển du lịch đại phương

Những vấn đề chung vè du lịch và bức tranh du lịch tp Đà Nẵng. Báo Đà Nẵng với công tác tuyên truyền phát triển du lịch địa phương giai đoạn 2010-2011. Một số vấn đề đặt ra và những đề xuất nhằm nâng cao chất lượng tuyên truyền phát triển du lịch địa phương trên báo Đà Nẵng...

Mô tả đầy đủ

Đã lưu trong:
Chi tiết về thư mục
Tác giả chính: Dương Thùy Trâm
Tác giả khác: Phạm Thị Hương (Hướng dẫn)
Định dạng: Sách
Ngôn ngữ:Vietnamese
Được phát hành: Đà Nẵng Đại học Sư phạm, Đại học Đà Nẵng 2012
Những chủ đề:
Các nhãn: Thêm thẻ
Không có thẻ, Là người đầu tiên thẻ bản ghi này!
Thư viện lưu trữ: Mạng thư viện Đại học Đà Nẵng
LEADER 01966nam a2200349 4500
001 000017033
003 13444
005 20130129090104.0
008 130129s2012 viesd
041 0 |a vie 
082 |a 070.4  |b DƯ-T 
100 1 |a Dương Thùy Trâm 
245 |a Báo Đà Nẵng với công tác tuyên truyền phát triển du lịch đại phương  |c Dương Thùy Trâm ; Phạm Thị Hương hướng dẫn  |k Khóa luận tốt nghiệp 
260 |a Đà Nẵng  |b Đại học Sư phạm, Đại học Đà Nẵng  |c 2012 
300 |a 71 tr., phục lục 10 tr.  |b Hình ảnh mh.  |c 29 cm. 
500 |a Khóa luận tốt nghiệp đại học. Chuyên ngành: Cử nhân báo chí 
504 |a Mục lục đầu trang, tài liệu tham khảo tr. 73 - 74, phụ lục [13 tr.] 
520 |a Những vấn đề chung vè du lịch và bức tranh du lịch tp Đà Nẵng. Báo Đà Nẵng với công tác tuyên truyền phát triển du lịch địa phương giai đoạn 2010-2011. Một số vấn đề đặt ra và những đề xuất nhằm nâng cao chất lượng tuyên truyền phát triển du lịch địa phương trên báo Đà Nẵng 
600 1 4 |b Vua  |c Đinh Tiên Hoàng 
650 0 4 |a Báo chí  |v Khóa luận tốt nghiệp  |x Công tác tuyên truyền  |x Phát triển du lịch  |z Đà Nẵng 
653 |a Công tác tuyên truyền  |a Phát triển du lịch  |a Báo chí  |a Khoa Ngữ văn 
700 |a Phạm Thị Hương  |e Hướng dẫn 
OWN |a LSP 
AVA |a UDN50  |b LSP  |d 070.4 DƯ-T  |e available  |t Error 5001 Not defined in file expand_doc_bib_avail.  |f 1  |g 0  |h N  |i 0  |k 1 
999 |a From the UDN01 
AVA |a UDN50  |b LSP  |d 070.4 DƯ-T  |e available  |t Error 5001 Not defined in file expand_doc_bib_avail.  |f 1  |g 0  |h N  |i 0  |k 1 
TYP |a Monograph 
TYP |a Printed language 
980 |a Mạng thư viện Đại học Đà Nẵng